Library Banner

Nizam e kutab Khana/ (Record no. 102823)

MARC details
000 -LEADER
fixed length control field 00391nam a22001457a 4500
005 - DATE AND TIME OF LATEST TRANSACTION
control field 20180208101652.0
008 - FIXED-LENGTH DATA ELEMENTS--GENERAL INFORMATION
fixed length control field 180208b xxu||||| |||| 00| 0 eng d
040 ## - CATALOGING SOURCE
Transcribing agency PK-LaUMT
082 ## - DEWEY DECIMAL CLASSIFICATION NUMBER
Classification number PKAC 020
Item number ALT-N
100 ## - MAIN ENTRY--PERSONAL NAME
Personal name Altaf Shaukat
245 ## - TITLE STATEMENT
Title Nizam e kutab Khana/
Statement of responsibility, etc Altaf Shaukat
260 ## - PUBLICATION, DISTRIBUTION, ETC. (IMPRINT)
Place of publication, distribution, etc لاہور:
Name of publisher, distributor, etc شیخ غلام علی اینڈ سنز
Date of publication, distribution, etc 1978
300 ## - PHYSICAL DESCRIPTION
Extent 204
942 ## - ADDED ENTRY ELEMENTS (KOHA)
Koha item type Books
Holdings
Withdrawn status Lost status Damaged status Home library Current library Date acquired Full call number Barcode Date last seen Price effective from Koha item type
      UMT Main Campus UMT Main Campus 2018-02-08 PKAC 020 ALT-N 118892 2018-02-08 2018-02-08 Books